000 00839nam a2200265 i 4500
001 bg
100 1 _aJackowski, Stefan
_c(telekomunikacja).
245 0 _aTelekomunikacja.
_nCz. 1 /
_cStefan Jackowski.
250 _aWyd. 3.
260 _aRadom :
_bWydawnictwo Politechniki Radomskiej,
_c2005.
300 _a344 s. :
_brys., wykr. ;
_c24 cm.
500 _aStreszcz. ang.
504 _aBibliogr.
650 9 _aTelekomunikacja
655 _aPodręczniki akademickie
020 _a8373511148
040 _cBPK
041 1 _apol
_beng
044 _apol
080 _a621.39(075.8)
920 _a83-7351-114-8
942 _cKS
008 s pl f |000 0 pol
999 _c53938
_d53938
856 _uhttp://koha.tu.koszalin.pl/cgi-bin/koha/opac-detail.pl?biblionumber=53938
_yKatalog online BPK